Bpmn Modeling and Reference Guide : (Record no. 13889)
[ view plain ]
| 000 -LEADER | |
|---|---|
| fixed length control field | 01295nam a22002775a 4500 |
| 001 - CONTROL NUMBER | |
| control field | 15359759 |
| 005 - DATE AND TIME OF LATEST TRANSACTION | |
| control field | 20080709123524.0 |
| 008 - FIXED-LENGTH DATA ELEMENTS--GENERAL INFORMATION | |
| fixed length control field | 080709s2008 flu |r 001 0 eng |
| 010 ## - LIBRARY OF CONGRESS CONTROL NUMBER | |
| LC control number | 2008932799 |
| 020 ## - INTERNATIONAL STANDARD BOOK NUMBER | |
| International Standard Book Number | 9780977752720 (alk. paper) |
| 040 ## - CATALOGING SOURCE | |
| Original cataloging agency | DLC |
| Transcribing agency | DLC |
| 082 ## - DEWEY DECIMAL CLASSIFICATION NUMBER | |
| Edition number | 22 |
| Classification number | 658.4063 |
| Item number | WHI |
| 100 1# - MAIN ENTRY--PERSONAL NAME | |
| Personal name | White, Stephen A. |
| 9 (RLIN) | 13547 |
| 245 10 - TITLE STATEMENT | |
| Title | Bpmn Modeling and Reference Guide : |
| Remainder of title | Understanding and Using bpmn / |
| Statement of responsibility, etc | Stephen A. White, PhD, Derek Miers. |
| 260 ## - PUBLICATION, DISTRIBUTION, ETC. (IMPRINT) | |
| Place of publication, distribution, etc | Lighthouse Point, FL : |
| Name of publisher, distributor, etc | Future Strategies Inc., 2008 |
| Date of publication, distribution, etc | 2008. |
| 263 ## - PROJECTED PUBLICATION DATE | |
| Projected publication date | 0809 |
| 300 ## - PHYSICAL DESCRIPTION | |
| Extent | 225 p. : |
| Other physical details | ill.; |
| Dimensions | 25 cm. |
| 500 ## - GENERAL NOTE | |
| General note | Includes index |
| 650 ## - SUBJECT ADDED ENTRY--TOPICAL TERM | |
| 9 (RLIN) | 4786 |
| Topical term or geographic name as entry element | Reengineering (Management) |
| 700 ## - ADDED ENTRY--PERSONAL NAME | |
| 9 (RLIN) | 13392 |
| Personal name | Miers, Derek |
| 942 ## - ADDED ENTRY ELEMENTS (KOHA) | |
| Source of classification or shelving scheme | Dewey Decimal Classification |
| Item type | Book - Borrowing |
| Withdrawn status | Item status | Source of classification or shelving scheme | Damaged status | Not for loan | Vendor | Home library | Current library | Shelving location | Date acquired | Source of acquisition | Total Checkouts | Full call number | Barcode | Date last seen | Date last borrowed | Koha item type | Total Renewals |
|---|---|---|---|---|---|---|---|---|---|---|---|---|---|---|---|---|---|
| Dewey Decimal Classification | Baccah | Central Library | Central Library | First floor | 14/04/2010 | 1 | 658.4063 WHI | 000020126 | 15/07/2025 | 10/02/2013 | NB - Book (Non borrowing) | ||||||
| Dewey Decimal Classification | Baccah | Central Library | Central Library | First floor | 14/04/2010 | 3 | 658.4063 WHI | 000020125 | 15/07/2025 | 19/03/2014 | Book - Borrowing | 26 | |||||
| Dewey Decimal Classification | Baccah | Central Library | Central Library | First floor | 14/04/2010 | 2 | 658.4063 WHI | 000020124 | 15/07/2025 | 16/02/2012 | Book - Borrowing |